Sports Quiz

Random Sports or Clickable Quiz

Chronological WWE Champions (clickable) Quiz Stats

 Plays Quiz not verified by Sporcle

Score 0/48 Timer 04:00
1 Play Today
% Correct
Buddy Rogers
90.1%
Bruno Sammartino
87%
Ivan Koloff
71.7%
Pedro Morales
65.9%
Hulk Hogan
63.7%
Bob Backlund
62.9%
Stan Stasiak
62.3%
Billy Graham
61.2%
The Iron Sheik
60.7%
Andre the Giant
59.8%
Randy Savage
57.6%
The Ultimate Warrior
55.7%
Sgt. Slaughter
52.2%
The Undertaker
48.8%
Ric Flair
48.7%
Bret Hart
47.9%
Yokozuna
46.4%
Steve Austin
44.5%
Shawn Michaels
44.5%
Diesel
43.9%
Sycho Sid
43.4%
The Rock
39.9%
Kane
37.9%
Mankind
37.1%
% Correct
Triple H
35.1%
AJ Styles
35.1%
The Big Show
34%
Roman Reigns
33.3%
Kurt Angle
33.1%
Brock Lesnar
32.6%
Vince McMahon
32.5%
Chris Jericho
32.4%
Daniel Bryan
32.2%
Seth Rollins
31.8%
Eddie Guerrero
30.9%
John Cena
30.6%
John Bradshaw Layfield
30.2%
Dean Ambrose
28.9%
Edge
27.7%
Rob Van Dam
26.4%
Randy Orton
23.9%
Alberto Del Rio
21.5%
Jeff Hardy
20.1%
Batista
19.4%
CM Punk
18.6%
Sheamus
18.3%
The Miz
18%
Rey Mysterio
16.2%

You're not logged in!

Compare scores with friends on all Sporcle quizzes.
OR
Log In

You Might Also Like...

Show Comments

Extras

Top Quizzes Today


Score Distribution

Your Account Isn't Verified!

In order to create a playlist on Sporcle, you need to verify the email address you used during registration. Go to your Sporcle Settings to finish the process.

Report this User

Report this user for behavior that violates our Community Guidelines.

Details: